[Event "BEL-chT 2223"]
[Site "Belgium"]
[Date "2023.03.05"]
[Round "8.1"]
[White "De Weerd, Jan"]
[Black "Van Volsem, Merlijn"]
[Result "1/2-1/2"]
[WhiteElo "2016"]
[BlackElo "2116"]
[PlyCount "67"]
[EventDate "2022.09.25"]
[EventType "team-tourn"]
[EventRounds "11"]
[EventCountry "BEL"]
[SourceTitle "CBM 213 Extra"]
[Source "ChessBase"]
[SourceDate "2023.05.31"]
[SourceVersion "1"]
[SourceVersionDate "2023.05.31"]
[SourceQuality "1"]
[WhiteTeam "Brasschaat"]
[BlackTeam "KGSRL"]
[WhiteTeamCountry "BEL"]
[BlackTeamCountry "BEL"]

1. e4 c5 2. Nf3 e6 3. d4 cxd4 4. Nxd4 Nc6 5. Be3 Nf6 6. Nd2 d5 7. exd5 exd5 8. Be2 Bd6 9. 0-0 0-0 10. N2f3 Re8 11. Re1 Ng4 12. Nxc6 bxc6 13. Bg5 Bxh2+ 14. Nxh2 Qxg5 15. Nxg4 Bxg4 16. Bxg4 Rxe1+ 17. Qxe1 Qxg4 18. Qe7 h5 19. Re1 h4 20. Re3 Qd1+ 21. Kh2 Qd4 22. c3 Qf4+ 23. Kh3 g5 24. g3 Qf5+ 25. g4 Qf4 26. Qe5 Rb8 27. b3 a5 28. Qxf4 gxf4 29. Rf3 a4 30. bxa4 Rb2 31. Rxf4 Rxa2 32. Rf6 Rxa4 33. Rxc6 Rf4 34. Rc5 1/2-1/2